Countries you can fly to from Eindhoven Airport (EIN) - Statistics

General Stats
  • This quiz has been taken 22 times
  • The average score is 26 of 27
Answers on the Map
Answers color-coded by a green-red scale on the quiz's map according to % correct below.
 
Answer Stats
Number of destinations Country % Correct
3 austria
100%
2 Bulgaria
100%
2 Croatia
100%
1 Czechia
100%
1 Denmark
100%
1 France
100%
6 Greece
100%
2 Hungary
100%
9 Italy
100%
1 Lithuania
100%
1 North Macedonia
100%
1 Norway
100%
6 Poland
100%
3 Romania
100%
1 Serbia
100%
14 Spain
100%
3 Turkey
100%
2 United Kingdom
100%
1 Albania
94%
2 Egypt
94%
1 Malta
94%
6 Morocco
94%
Eindhoven Netherlands
94%
3 Portugal
94%
1 Slovakia
94%
1 Cyprus
88%
1 Cabo Verde
59%
No matching quizzes found
Score Distribution
Percent of People with Each Score
Percentile by Number Answered
Your Score History
You have not taken this quiz